Using XHTML (Record no. 6448)
[ view plain ]
| 000 -LEADER | |
|---|---|
| fixed length control field | 00459 a2200169 4500 |
| 010 ## - LIBRARY OF CONGRESS CONTROL NUMBER | |
| LC control number | 00108358 |
| 020 ## - INTERNATIONAL STANDARD BOOK NUMBER | |
| International Standard Book Number | 978-0789724311 |
| 040 ## - CATALOGING SOURCE | |
| Original cataloging agency | DLC |
| Language of cataloging | DLC |
| 082 00 - DEWEY DECIMAL CLASSIFICATION NUMBER | |
| Classification number | 005.7/2 |
| 100 1# - MAIN ENTRY--PERSONAL NAME | |
| Personal name | Holzschlag, Molly E. |
| 245 10 - TITLE STATEMENT | |
| Title | Using XHTML |
| Statement of responsibility, etc. | Molly E. Holzschlag. |
| 250 ## - EDITION STATEMENT | |
| Edition statement | Special ed. |
| 260 ## - PUBLICATION, DISTRIBUTION, ETC. | |
| Place of publication, distribution, etc. | Indianapolis, Ind. : |
| Name of publisher, distributor, etc. | Que, |
| Date of publication, distribution, etc. | c2001. |
| 300 ## - PHYSICAL DESCRIPTION | |
| Extent | xiv, 958 p. : |
| Other physical details | ill. ; |
| Dimensions | 23 cm. |
| 650 #0 - SUBJECT ADDED ENTRY--TOPICAL TERM | |
| Topical term or geographic name entry element | XHTML (Document markup language) |
| 942 ## - ADDED ENTRY ELEMENTS (KOHA) | |
| Koha item type | Book |
| Call number prefix | 005.72 HOL |
| Source of classification or shelving scheme | |
| Withdrawn status | Lost status | Damaged status | Not for loan | Collection code | Permanent Location | Current Location | Shelving location | Date acquired | Source of acquisition | Cost, normal purchase price | Total Checkouts | Full call number | Barcode | Date last seen | Price effective from | Koha item type |
|---|---|---|---|---|---|---|---|---|---|---|---|---|---|---|---|---|
| Central Library (CL) | Central Library (CL) | First Floor - Operating System/ Data Structure | 02/15/2001 | Link, Rawalpindi | 160.00 | 005.72 HOL | SEECS001141 | 11/14/2012 | 01/05/2017 | Book | ||||||
| Central Library (CL) | Central Library (CL) | First Floor - Operating System/ Data Structure | 02/15/2001 | Link, Rawalpindi | 160.00 | 005.72 HOL | SEECS001145 | 11/14/2012 | 01/05/2017 | Book | ||||||
| Central Library (CL) | Central Library (CL) | First Floor - Operating System/ Data Structure | 02/15/2001 | Link, Rawalpindi | 160.00 | 005.72 HOL | SEECS001143 | 11/14/2012 | 01/05/2017 | Book | ||||||
| Central Library (CL) | Central Library (CL) | First Floor - Operating System/ Data Structure | 02/15/2001 | Link, Rawalpindi | 160.00 | 005.72 HOL | SEECS001144 | 11/14/2012 | 01/05/2017 | Book | ||||||
| Central Library (CL) | Central Library (CL) | First Floor - Operating System/ Data Structure | 02/15/2001 | Link, Rawalpindi | 160.00 | 005.72 HOL | SEECS001142 | 11/14/2012 | 01/05/2017 | Book |
